000 00542nam a22001937a 4500
003 KOHA_MİRAKIL
005 20240930101022.0
008 240929b2015 tu ||||| |||| 00| 0 tur d
020 _a9786059105170
040 _aTR-AnABB
_btur
_cTR-AnABB
041 _atur
082 _a818.42
_bERS 2015
100 _aErsöz, Cezmi,
_d1959-.
245 0 _aAcı çeken nefes /
_cCezmi Ersöz.
260 _aİstanbul :
_bİtalik Kitapları,
_c2015.
300 _a167 sayfa ;
_c21 cm.
650 _aTürk edebiyatı, çeşitli eserler
942 _2ddc
_cBK
999 _c2432
_d2432